000
00296nam a2200109Ia 4500
008
220204s9999 xx 000 0 und d
082
_a
575.22
_b
POT
245
0
_a
Potential for using in vitro techniques for collecting germplasm
260
_a
Rome
_b
IBPGR
_c
1984
650
_a
Germplasm
942
_c
BK
999
_c
43488
_d
43488